| 000 | 00794nac a22002171u 4500 | ||
|---|---|---|---|
| 010 | _a 82015546 | ||
| 020 | _a0070354162 | ||
| 020 | _a0070354162 | ||
| 082 | 0 | 0 |
_a621.38151 _bKRA |
| 090 |
_c7110 _d7110 |
||
| 100 | _aKraus, Allan D. | ||
| 245 | 1 | 0 |
_aThermal analysis and control of electronic equipment / _cAllan D. Kraus, Avram Bar-Cohen. |
| 260 |
_aWashington : _bHemisphere Pub. Corp. ; _aNew York : _bMcGraw-Hill,1983 _cc1983. |
||
| 300 |
_axvi, 620 p. : _bill. ; _c25 cm. |
||
| 500 | _adistributed by: Al-Ahram | ||
| 504 | _aIncludes bibliographical references and indexes. | ||
| 511 | _acatalogued by: wessam | ||
| 650 | 0 |
_aElectronic apparatus and appliances _xCooling. |
|
| 700 | 2 |
_aBar-Cohen, Avram, _d1946- |
|
| 942 |
_cBB _k621.38151KRA |
||
| 999 |
_c7110 _d7110 |
||